LP UP samagrapadavaly/ (Record no. 181718)

000 -LEADER
fixed length control field 00410nam a2200157 4500
082 ## - DEWEY DECIMAL CLASSIFICATION NUMBER
Classification number M 030
Item number DHA/L
100 ## - MAIN ENTRY--AUTHOR NAME
Personal name Dhanya R
245 ## - TITLE STATEMENT
Title LP UP samagrapadavaly/
Statement of responsibility, etc by Dhanya R
260 ## - PUBLICATION, DISTRIBUTION, ETC. (IMPRINT)
Place of publication Kozhikkode:
Name of publisher Atma books pavanatma publishers,
Year of publication 2025.
300 ## - PHYSICAL DESCRIPTION
Number of Pages 265p.
650 ## - SUBJECT ADDED ENTRY--TOPICAL TERM
Topical Term Objective questions education
650 ## - SUBJECT ADDED ENTRY--TOPICAL TERM
Topical Term General Knowledge
650 ## - SUBJECT ADDED ENTRY--TOPICAL TERM
Topical Term Education
650 ## - SUBJECT ADDED ENTRY--TOPICAL TERM
Topical Term Social Science
942 ## - ADDED ENTRY ELEMENTS (KOHA)
Koha item type Book
Holdings
Withdrawn status Lost status Damaged status Not for loan Permanent Location Current Location Shelving location Date acquired Cost, normal purchase price Full call number Accession Number Price effective from Koha item type
        Sree Sankaracharya University of Sanskrit Sree Sankaracharya University of Sanskrit Stacks 21.05.2026 530.00 M 030 DHA/L 108875 21.05.2026 Book